InEnergoEco exkluzívny odborný časopis pre vrcholový manažment vytvárajúci hodnoty a podmienky pre rozvoj stavebníctva na Slovensku

Bibliographic Details
New Title:Stavebná revue - InEnergoEco
Other Authors: Steskál, Rudolf (Publishing director)
Format: Journal
Language:Slovak
PhysicalDescription:4 zv. 30 cm
Published: Bratislava Cornix 2006-2009
ISSN:1336-8273
Subjects:

MARC

LEADER 00000nas a22000005a 4500
001 vtls008427616
003 SK-MaSNL
005 20260228161015.0
008 060202d20062009xo mr p r 0 b0slo
022 |a 1336-8273 
035 |a (SVKBB03)vtls000230708 
040 |a SNK  |b slo  |c SNK  |d SVKBB 
041 0 |a slo 
044 |a xo  |c SK 
072 7 |a 69  |x Stavebníctvo  |2 konspekt 
080 |a 69  |2 2001 
080 |a 050  |2 2001 
210 0 |a Inenergoeco 
222 0 |a Inenergoeco 
245 0 0 |a InEnergoEco  |b exkluzívny odborný časopis pre vrcholový manažment vytvárajúci hodnoty a podmienky pre rozvoj stavebníctva na Slovensku 
246 3 3 |a In Energo Eco 
247 0 1 |a inEnergoEco  |b odborný mesačník o aktuálnych otázkach v stavebníctve na Slovensku  |f 2006 
260 |a Bratislava  |b Cornix  |c 2006-2009 
300 |a 4 zv.  |c 30 cm 
310 |a 1x mesačne 
362 0 |a Roč. 1, č. 1 (2006)-roč. 4, č. 10/1 (2008/2009) 
500 |a Šéfredaktor: 2006-2009, Rudolf Steskál 
500 |a Registračné č.: MK SR 3452/2005 
650 0 7 |a stavebníctvo  |2 SNKPH  |9 726 
655 7 |a odborné časopisy  |2 SNKPH  |9 70505 
700 1 |a Steskál, Rudolf  |4 pbd  |9 265637 
785 0 |t Stavebná revue - InEnergoEco  |w vtls009486995 
852 |a Štátna vedecká knižnica v Banskej Bystrici 
910 |a snk 
916 |a 2006-č. 10/1 2008/2009 
999 |c 4080  |d 6010 
952 |0 0  |1 0  |4 0  |7 0  |8 0  |a SNK  |b SNK  |d 2014-03-25  |f 1  |i snk2014/7742  |l 0  |o snkČSB 5878/1/2006  |p 17A1087790  |r 2026-02-21 20:17:43  |t č. 1-9  |w 2026-02-21  |y PREZ 
952 |0 0  |1 0  |4 0  |7 0  |8 0  |a SNK  |b SNK  |d 2014-03-25  |i snk2014/7743  |l 0  |o snkČSB 5878/1/2006 D1  |p 17A1087791  |r 2026-02-21 20:42:05  |t č. 1-9  |w 2026-02-21  |y PREZ 
952 |0 0  |1 0  |4 0  |7 0  |8 0  |a SNK  |b SNK  |d 2014-03-26  |f 1  |i snk2014/7940  |l 0  |o snkČSB 5878/2/2007  |p 17A1087792  |r 2026-02-21 20:51:17  |t č. 1-11  |w 2026-02-21  |y PREZ 
952 |0 0  |1 0  |4 0  |7 0  |8 0  |a SNK  |b SNK  |d 2014-03-27  |i snk2014/7980  |l 0  |o snkČSB 5878/2/2007 D1  |p 17A1087809  |r 2026-02-21 20:51:17  |t č. 1-11  |w 2026-02-21  |y PREZ 
952 |0 0  |1 0  |4 0  |7 0  |8 0  |a SNK  |b SNK  |d 2014-03-27  |f 1  |i snk2014/7989  |l 0  |o snkČSB 5878/3/2008  |p 17A1087812  |r 2026-02-21 20:51:17  |t č. 1-9  |w 2026-02-21  |y PREZ 
952 |0 0  |1 0  |4 0  |7 0  |8 0  |a SNK  |b SNK  |d 2014-03-27  |i snk2014/7991  |l 0  |o snkČSB 5878/3/2008 D1  |p 17A1087813  |r 2026-02-21 20:51:18  |t č. 1-9  |w 2026-02-21  |y PREZ 
952 |0 0  |1 0  |4 0  |7 0  |8 0  |a SNK  |b SNK  |d 2014-03-27  |f 1  |i snk2014/7993  |l 0  |o snkČSB 5878/4/2009  |p 17A1087814  |r 2026-02-21 20:51:18  |t č. 10/08-1/09  |w 2026-02-21  |y PREZ 
952 |0 0  |1 0  |4 0  |7 0  |8 0  |a SNK  |b SNK  |d 2014-03-27  |i snk2014/7994  |l 0  |o snkČSB 5878/4/2009 D1  |p 17A1087815  |r 2026-02-21 20:51:18  |t č. 10/08-1/09  |w 2026-02-21  |y PREZ